000 00327nam a2200133Ia 4500
008 150201s2008 xx 000 0 und d
082 _a612.015
_bC08M
100 _aMARSHALL,WILLIAM J
245 _aCLINICAL BIOCHEMISTRY
250 _a6TH
260 _bMOSBY ELSEVIER
_aDELHI
_c2008
650 _aBIOCHEMISTRY
942 _2ddc
_cBK
_02
999 _c705
_d705